书目信息 |
| 题名: |
欧美楚辞学论纲
|
|
| 作者: | 陈亮 著 | |
| 分册: | ||
| 出版信息: | 北京 中华书局 2020 |
|
| 页数: | 351页 | |
| 开本: | 22cm | |
| 丛书名: | 紫琅楚辞学研究丛书 | |
| 单 册: | ||
| 中图分类: | I207.223 | |
| 科图分类: | ||
| 主题词: | 楚辞研究--chu ci yan jiu | |
| 电子资源: | ||
| ISBN: | 978-7-101-14554-0 | |
| 000 | 01211oam2 2200265 450 | |
| 001 | 2131045674 | |
| 005 | 20211029202829.0 | |
| 010 | @a978-7-101-14554-0@b精装@dCNY68.00 | |
| 100 | @a20200923d2020 em y0chiy0120 ea | |
| 101 | 0 | @achi |
| 102 | @aCN@b110000 | |
| 105 | @ay z 000yy | |
| 106 | @ar | |
| 200 | 1 | @a欧美楚辞学论纲@Aou mei chu ci xue lun gang@f陈亮著 |
| 210 | @a北京@c中华书局@d2020 | |
| 215 | @a351页@d22cm | |
| 225 | 2 | @a紫琅楚辞学研究丛书@Azi lang chu ci xue yan jiu cong shu@f周建忠主编 |
| 300 | @a国家社科基金重大项目“欧美楚辞学文献搜集、整理与研究” 国家社科基金重大项目“东亚楚辞文献的发掘、整理与研究” 江苏高校“青蓝工程”优秀青年骨干教师培养对象资助项目 | |
| 330 | @a《楚辞》向西方世界的传播具有重要的文化交流意义,不过由于语言和地域的隔阂,中国学术界对这一方面情况的掌握相当有限。本书通过综合使用多种文献检索方法,调查并阅读了欧美学者译介《楚辞》的文献资料300余种,并以此基础展开研究。该书共分14章,内容包括:导论;欧洲楚辞学研究综述;美国楚辞学研究综述等。 | |
| 461 | 0 | @12001 @a紫琅楚辞学研究丛书 |
| 606 | 0 | @a楚辞研究@Achu ci yan jiu |
| 690 | @aI207.223@v5 | |
| 701 | 0 | @a陈亮@Achen liang@4著 |
| 801 | 0 | @aCN@b百万庄@c20211029 |
| 905 | @b1313139-142@dI207.223@e1436@f4 | |
| 欧美楚辞学论纲/陈亮著.-北京:中华书局,2020 |
| 351页;22cm.-(紫琅楚辞学研究丛书/周建忠主编) |
| 国家社科基金重大项目“欧美楚辞学文献搜集、整理与研究” 国家社科基金重大项目“东亚楚辞文献的发掘、整理与研究” 江苏高校“青蓝工程”优秀青年骨干教师培养对象资助项目 |
| ISBN 978-7-101-14554-0(精装):CNY68.00 |
| 《楚辞》向西方世界的传播具有重要的文化交流意义,不过由于语言和地域的隔阂,中国学术界对这一方面情况的掌握相当有限。本书通过综合使用多种文献检索方法,调查并阅读了欧美学者译介《楚辞》的文献资料300余种,并以此基础展开研究。该书共分14章,内容包括:导论;欧洲楚辞学研究综述;美国楚辞学研究综述等。 |
| ● |
| 相关链接 |
|
|
|
|
正题名:欧美楚辞学论纲
索取号:I207.223/1436
 
预约/预借
| 序号 | 登录号 | 条形码 | 馆藏地/架位号 | 状态 | 备注 |
| 1 | 1313139 | 213131396 | 第一样本阅览室/ [索取号:I207.223/1436] | 在馆 | |
| 2 | 1313140 | 213131403 | 第二借阅区/ [索取号:I207.223/1436] | 在馆 | |
| 3 | 1313141 | 213131412 | 第二借阅区/ [索取号:I207.223/1436] | 在馆 | |
| 4 | 1313142 | 213131421 | 第二借阅区/ [索取号:I207.223/1436] | 在馆 |